000 00623nam a2200181 i 4500
001 124813
003 ES-MaACL
005 20230906192513.0
007 t|
008 070420s1940 sp ||||1| spa d
245 0 0 _aCaja Nacional de Subsidios Familiares
_b: caracteres - organización - realización.
260 _aMadrid :
_bCaja Nacional de Subsidios Familiares,
_c1940.
300 _a82 p. ;
_c20 cm.
490 1 _aPublicaciones del Instituto Nacional de Previsión ;
_v513
830 0 _aPublicaciones del Instituto Nacional de Previsión ;
_v513
_9181151
852 _aES-MaACL
_jC-12653(1)
999 _c124813
_d124813